Vainqueurs du Tour de France - Depuis 1903 - Statistiques

Statistiques générales
  • Ce quiz a été pris 15 fois
  • Le résultat moyen est 42 sur 105
Statistiques - réponses
Année Réponse % Correct
2015 (GBR) Christopher Froome
86%
2016 (GBR) Christopher Froome
86%
2017 (GBR) Christopher Froome
86%
2019 (COL) Egan Bernal
86%
2022 (DEN) Jonas Vingegaard
86%
2023 (DEN) Jonas Vingegaard
86%
2020 (SLO) Tadej Pogačar
86%
2021 (SLO) Tadej Pogačar
86%
2024 (SLO) Tadej Pogačar
86%
2025 (SLO) Tadej Pogačar
86%
2014 (ITA) Vincenzo Nibali
86%
2013 (GBR) Christopher Froome
79%
2018 (GBR) Geraint Thomas
79%
2012 (GBR) Bradley Wiggins
71%
2009 (ESP) Alberto Contador
64%
1985 (FRA) Bernard Hinault
64%
2011 (AUS) Cadel Evans
64%
2007 (ESP) Alberto Contador
57%
1972 (BEL) Eddy Merckx
57%
1974 (BEL) Eddy Merckx
57%
2010 (LUX) Andy Schleck
50%
1969 (BEL) Eddy Merckx
50%
1970 (BEL) Eddy Merckx
50%
1971 (BEL) Eddy Merckx
50%
1998 (ITA) Marco Pantani
50%
1978 (FRA) Bernard Hinault
43%
1979 (FRA) Bernard Hinault
43%
1981 (FRA) Bernard Hinault
43%
1982 (FRA) Bernard Hinault
43%
1986 (USA) Greg LeMond
43%
1989 (USA) Greg LeMond
43%
1990 (USA) Greg LeMond
43%
1957 (FRA) Jacques Anquetil
43%
1961 (FRA) Jacques Anquetil
43%
1962 (FRA) Jacques Anquetil
43%
1963 (FRA) Jacques Anquetil
43%
1964 (FRA) Jacques Anquetil
43%
1983 (FRA) Laurent Fignon
43%
1984 (FRA) Laurent Fignon
43%
1903 (FRA) Maurice Garin
43%
1991 (ESP) Miguel Indurain
43%
1992 (ESP) Miguel Indurain
43%
1993 (ESP) Miguel Indurain
43%
1994 (ESP) Miguel Indurain
43%
1995 (ESP) Miguel Indurain
43%
1975 (FRA) Bernard Thévenet
36%
1977 (FRA) Bernard Thévenet
36%
1996 (DEN) Bjarne Riis
36%
2008 (ESP) Carlos Sastre
36%
1958 (LUX) Charly Gaul
36%
1949 (ITA) Fausto Coppi
36%
1952 (ITA) Fausto Coppi
36%
1965 (ITA) Felice Gimondi
36%
1950 (SUI) Ferdi Kübler
36%
1959 (ESP) Frederico Bahamontes
36%
1960 (ITA) Gastone Nencini
36%
1951 (SUI) Hugo Koblet
36%
1968 (NED) Jan Janssen
36%
1997 (ALL) Jan Ulrich
36%
1947 (FRA) Jean Robic
36%
1953 (FRA) Louison Bobet
36%
1954 (FRA) Louison Bobet
36%
1955 (FRA) Louison Bobet
36%
1976 (BEL) Lucien Van Impe
36%
1973 (ESP) Luis Ocana
36%
1967 (FRA) Roger Pingeon
36%
1956 (FRA) Roger Walkowiak
36%
1987 (IRL) Stephen Roche
36%
1909 (LUX) François Faber
29%
1938 (ITA) Gino Bartali
29%
1948 (ITA) Gino Bartali
29%
1980 (NED) Joop Zoetemelk
29%
1905 (FRA) Louis Trousselier
29%
1966 (FRA) Lucien Aimar
29%
1907 (FRA) Lucien Petit-Breton
29%
1908 (FRA) Lucien Petit-Breton
29%
1988 (ESP) Pedro Delgado
29%
1913 (BEL) Philippe Thys
29%
1914 (BEL) Philippe Thys
29%
1931 (FRA) Antonin Magne
21%
1934 (FRA) Antonin Magne
21%
1919 (BEL) Firmin Lambot
21%
1920 (BEL) Philippe Thys
21%
1935 (BEL) Romain Maes
21%
1936 (BEL) Sylvère Maes
21%
1939 (BEL) Sylvère Maes
21%
1930 (FRA) André Leducq
14%
1932 (FRA) André Leducq
14%
1922 (BEL) Firmin Lambot
14%
1933 (FRA) Georges Speicher
14%
1911 (FRA) Gustave Garrigou
14%
1904 (FRA) Henri Cornet
14%
1923 (FRA) Henri Pélissier
14%
1921 (BEL) Léon Scieur
14%
1926 (BEL) Lucien Buysse
14%
1929 (BEL) Maurice De Waele
14%
1927 (LUX) Nicolas Frantz
14%
1928 (LUX) Nicolas Frantz
14%
1910 (FRA) Octave Lapize
14%
1912 (BEL) Odile Defraye
14%
1924 (ITA) Ottavio Bottechia
14%
1925 (ITA) Ottavio Bottechia
14%
1906 (FRA) René Pottier
14%
1937 (FRA) Roger Lapebie
14%
2006 (ESP) Oscar Pereiro Sio
0%
Aucun quiz correspondant
Distribution des résultats
% des personnes avec chaque résultat
Percentile par nombre de réponses
Votre historique - résultats
Vous n’avez pas pris ce quiz